| 000 | 00789nam a2200301Ia 4500 | ||
|---|---|---|---|
| 001 | 18367 | ||
| 003 | IT-RoPAU | ||
| 008 | 130308s9999 xx 000 0 und d | ||
| 040 | _aIT-RoPAU | ||
| 040 | _cIT-RoPAU | ||
| 041 | _aFRANCESE | ||
| 100 | _aMarkowicz Harry | ||
| 100 | _gCodice Aut. SPICS: 12868 | ||
| 245 | _aLangue des signes (La): realitè et fiction | ||
| 245 | _bLangue des Signes (La) | ||
| 250 | _a1a ed. | ||
| 260 | _aPARIS | ||
| 260 | _bLarousse | ||
| 260 | _c1979 [1° Ed.:1979 - Ed.Ling.Originale:1979] | ||
| 300 | _a"6 p. (prefazione: no ; testo: 6 [pagine: 7-12])" | ||
| 500 | _aLingua dei Segni Realtà e Finzione | ||
| 650 | _aLINGUISTICA | ||
| 650 | _eCodice materia Spics: 3201 | ||
| 942 | _cBK | ||
| 957 | _71 | ||
| 999 |
_c39348 _d39348 |
||
| 999 | _bSI | ||
| 999 | _g1 | ||